Statistics for ESPN Top 100 NBA Players 2022-23

Click here to take the quiz!

General Stats

  • This quiz has been taken 3,986 times
  • The average score is 80 of 100

Answer Stats

RankTeamPositionAnswer% Correct
1MILPFGiannis Antetokounmpo
99%
6LALSFLeBron James
99%
2DENCNikola Jokic
99%
5GSWPGStephen Curry
99%
7BOSSFJayson Tatum
98%
4PHICJoel Embiid
98%
8BRKSFKevin Durant
98%
3DALPGLuka Doncic
98%
9MEMPGJa Morant
97%
95BRKSGSeth Curry
97%
20LALPFAnthony Davis
96%
14PORPGDamian Lillard
96%
10PHOSGDevin Booker
96%
11PHIPGJames Harden
96%
16ATLPGTrae Young
96%
17MIASFJimmy Butler
95%
12LACSFKawhi Leonard
95%
21PHOPGChris Paul
94%
22BOSSGJaylen Brown
94%
13MINCKarl-Anthony Towns
94%
15LACSFPaul George
94%
37GSWSGKlay Thompson
93%
19WASSGBradley Beal
92%
24CLESGDonovan Mitchell
92%
33BRKPGKyrie Irving
92%
43GSWPFDraymond Green
91%
18MINCRudy Gobert
91%
23MiACBam Adebayo
90%
28CHISFDeMar DeRozan
90%
62HOUSGJalen Green
90%
26MILPGJrue Holiday
90%
27CHISGZach LaVine
90%
25MINSFAnthony Edwards
89%
31MILSFKhris Middleton
89%
40NOPPFZion Williamson
89%
30TORPFPascal Siakam
88%
50DENPGJamal Murray
87%
32GSWSFAndrew Wiggins
86%
29NOPSFBrandon Ingram
86%
42ATLSGDejounte Murray
86%
95SACPFKeegan Murray
86%
41CHOPGLaMelo Ball
86%
54SACPGDe'Aaron Fox
85%
58BOSCRobert Williams
85%
48OKCPGShai Gilgeous-Alexander
85%
47SACPFDomantas Sabonis
84%
99BOSPFGrant Williams
84%
78CHIPGLonzo Ball
84%
51PHOCDeandre Ayton
83%
34BOSPGMarcus Smart
83%
46CLEPGDarius Garland
82%
53MEMPFJaren Jackson
82%
55GSWSGJordan Poole
82%
52CLECJarrett Allen
81%
65LALPGRussell Westbrook
81%
35DETPGCade Cunningham
80%
38TORPGFred VanVleet
80%
60MIAPGKyle Lowry
80%
44PHIPGTyrese Maxey
79%
59INDPGTyrese Haliburton
78%
67NYKPGJalen Brunson
77%
71NYKPFJulius Randle
77%
36CLECEvan Mobley
76%
45NOPSGCJ McCollum
75%
57CHICNikola Vucevic
75%
61MIAPGTyler Herro
75%
49PHOSFMikal Bridges
74%
74SACSFHarrison Barnes
73%
39TORSFScottie Barnes
73%
56PHIPFTobias Harris
73%
70BOSCAl Horford
72%
76BRKPGBen Simmons
72%
91PORPGAnfernee Simons
71%
79ATLCClint Capela
70%
68MEMSGDesmond Bane
70%
66INDCMyles Turner
70%
72DENSFMichael Porter
69%
86WASCKristaps Porzingis
68%
83DENPFAaron Gordon
66%
93MINPGD'Angelo Russell
66%
73ATLPFJohn Collins
66%
63NYKSGRJ Barrett
66%
77MEMSFDillon Brooks
63%
81OKCSGJosh Giddey
63%
88PORCJusuf Nurkic
63%
82ORLSFPaolo Banchero
62%
84NOPCJonas Valanciunas
61%
98NYKCMitchell Robinson
61%
75TORSFOG Anunoby
59%
89UTAPGMike Conley
58%
90INDSGBuddy Hield
56%
97CLEPFKevin Love
56%
94MEMPFBrandon Clarke
54%
64PORSFJerami Grant
54%
87BOSPGMalcolm Brogdon
54%
69DALPGSpencer Dinwiddie
53%
85UTAPGJordan Clarkson
48%
100ATLSGBogdan Bogdanovic
47%
92DALCChristian Wood
47%
80CLESGCaris LeVert
44%

Score Distribution

Percentile by Number Answered

Percent of People with Each Score

Your Score History

You have not taken this quiz